| 000 | 01014nam a22003257a 4500 | ||
|---|---|---|---|
| 001 | 8719 | ||
| 003 | DO-SdBNP | ||
| 005 | 20180126102125.0 | ||
| 007 | 8719 | ||
| 008 | 000426s2000 sp | ||| ||spa | ||
| 016 | 7 | _2BPMSU | |
| 020 | _a8437617901 | ||
| 040 |
_aBPMSU _bspa _cBPMSU |
||
| 041 | 1 | _aspa | |
| 100 | 1 |
_aMamet, David _d1947- |
|
| 240 | 1 | 0 |
_aGlengarry Glen Ross _lEspañol |
| 245 | 1 | 0 |
_aGlengarry Glen Ross : _bCasa de juegos/ _cDavid Mamet ; edición de Catalina Buezo ; traducción de Catalina Buezo y Elizabeth Gray |
| 260 |
_aMadrid : _bCátedra _c2000 |
||
| 300 |
_a271 p. : _c20 cm. |
||
| 440 | 0 |
_aLetras universales _v293 |
|
| 490 |
_aLetras universales _v293 |
||
| 700 | 1 |
_aMamet, David _d1947- _tHouse of games _lEspañol |
|
| 700 | 1 |
_aBuezo, Catalina _eed. |
|
| 700 | 1 |
_aGray, Elizabeth _etr. |
|
| 740 | 0 | 1 | _aCasa de juegos. |
| 830 |
_pLetras universales _v293 |
||
| 942 |
_2ddc _cBK |
||
| 945 | _aInventariado extranjero / 2018 VM | ||
| 956 |
_aVMATEO _210 _320151110 _6BPMSU _800151 |
||
| 999 |
_c8618 _d8618 |
||